| 000 | 00455nam a2200193Ia 4500 | ||
|---|---|---|---|
| 005 | 20241015044210.0 | ||
| 008 | 240331s9999 xx 000 0 und d | ||
| 020 | _a10103988 | ||
| 082 |
_bNAV _a820 |
||
| 245 | 0 | _aNavasilu 10 | |
| 260 |
_aColombo _bUS Educational Foundation _c1990 |
||
| 300 | _a139 p ., | ||
| 650 | _aFiction | ||
| 650 | _aPoetry | ||
| 650 | _aDrama | ||
| 650 | _aReviews and Articles | ||
| 700 |
_aDe Abrew, K. _eedt |
||
| 942 | _cL | ||
| 999 |
_c3178 _d3178 |
||